Datum a čas kvízu

34 Celkem bodů Celkový počet nahraných bodů na tomto kvízu bez doplňovacích otázek.
4. Pořadí na kvízu Konečné umístění týmu na tomto kvízu.

Zaznamenané odpovědi

# Otázka Odpověď Body Výsledky
1. Kandidátka SPOLU do červnových... Hayato Okamura 1
2. Dlouholetý kariérní diplomat a... Kuba 1
3. Jak se jmenuje 88letý zahranič... Alain Delon 0
4. Ředitelka české pobočky jedné... Google 0
5. Ve kterém britském městě se od... v Glasgow 0
6. Napište český i latinský název... kost stehenní, femur (os femoris) 1
7. Ve kterém českém městě najdeme... v Brně 0
8. Hlavní postava seriálu Sběrate... Booth 1
9. Která párová kost u psů a koní... klíční kost (clavicula) 0
10. V září roku 2012 byla pod park... Richard III. 0